Pokemon Type Sol - Aléatoire - Statistiques

Statistiques générales
  • Ce quiz a été pris 16 fois
  • Le résultat moyen est 21 sur 25
Statistiques - réponses
Par images Réponse % Correct
Arceus (Plaque Terre)
100%
Axoloto
100%
Bacabouh
100%
Balbuto
100%
Batracné
100%
Camérupt
100%
Carchacrok
100%
Chamallot
100%
Cheniselle (Cape Sable)
100%
Crocorible
100%
Donphan
100%
Escroco
100%
Excavarenne
100%
Flobio
100%
Golemastoc
100%
Gravalanch
100%
Griknot
100%
Gringolem
100%
Grolem
100%
Groudon
100%
Kaorine
100%
Kraknoix
100%
Laggron
100%
Limonde
100%
Mammochon
100%
Maraiste
100%
Marcacrin
100%
Mascaïman
100%
Méga-Camérupt
100%
Méga-Carchacrok
100%
Méga-Steelix
100%
Minotaupe
100%
Nidoking
100%
Nidoqueen
100%
Ningale
100%
Onix
100%
Ossatueur
100%
Primo-Groudon
100%
Racaillou
100%
Rhinocorne
100%
Rhinoféros
100%
Roue-de-Fer
100%
Sablaireau
100%
Silvallié (ROM Sol)
100%
Steelix
100%
Taupiqueur
100%
Terracruel
100%
Torterra
100%
Triopikeur
100%
Tritosor
100%
Ursaking
100%
Ymphect
100%
Zygarde
100%
Embrylex
80%
Tiboudet
80%
Barbicha
75%
Démétéros
75%
Dunaconda
75%
Limonde de Galar
75%
Méga-Laggron
75%
Rhinastoc
75%
Scorvol
75%
Terracool
75%
Axoloto de Paldea
67%
Carmache
67%
Fort-Ivoire
67%
Hippodocus
67%
Libégon
67%
Osselait
67%
Phanpy
67%
Sabelette
67%
Scorplane
67%
Taupiqueur d'Alola
67%
Terraiste
67%
Bourrinos
60%
Rototaupe
60%
Trépassable
60%
Dinglu
50%
Hippopotas
50%
Pelage-Sablé
50%
Tutétékri
50%
Barloche
33%
Crapustule
33%
Dunaja
33%
Triopikeur d'Alola
33%
Cochignon
0%
Tutafeh de Galar
0%
Vibraninf
0%
Aucun quiz correspondant
Distribution des résultats
% des personnes avec chaque résultat
Percentile par nombre de réponses
Votre historique - résultats
Vous n’avez pas pris ce quiz